| 000 | 00994 a2200181 4500 | ||
|---|---|---|---|
| 001 | 122061 | ||
| 040 | _cEscola Canadense de Niteroi | ||
| 090 | _aLAR - T3 | ||
| 100 | _aLara, Gê | ||
| 245 | 1 | 0 | _aTundé no Mundo da Lua |
| 250 | _a1.ed. | ||
| 260 | _aDivinópolis | ||
| 300 |
_bil. _c4 x 21 x 0.4 cm |
||
| 362 | 0 | _a2014 | |
| 520 | _aTundé! E isso lá é nome de gente? Pode até não ser um nome, mas simboliza o voo da imaginação de uma criança, que ao desejar intensamente, pode transformar tudo em realidade, até mesmo uma viagem ao distante mundo da Lua. Foi através desta premissa que o músico e compositor Gê Lara, escreveu “Tundé no mundo da Lua”, livro que marca sua estreia literária e que conta a história de Tundé, um menino que através de seu forte desejo em conhecer a Lua, se esforça ao longo da vida para ultrapassar as barreiras impostas pela desconfiança de todos, mas sem nunca esquecer seu passado. | ||
| 650 | 4 | _aLiteratura Infantil | |
| 942 | _cBK | ||
| 999 |
_c122061 _d122061 |
||